Elements of mining technology (Record no. 5047)

MARC details
000 -LEADER
fixed length control field 00394nam a22001697a 4500
005 - DATE AND TIME OF LATEST TRANSACTION
control field 20160701113102.0
008 - FIXED-LENGTH DATA ELEMENTS--GENERAL INFORMATION
fixed length control field 160701b xxu||||| |||| 00| 0 eng d
020 ## - INTERNATIONAL STANDARD BOOK NUMBER
ISBN 978-81-89904-33-3
041 ## - LANGUAGE CODE
Language code of text/sound track or separate title eng
082 ## - DEWEY DECIMAL CLASSIFICATION NUMBER
Item number 20312
100 ## - MAIN ENTRY--AUTHOR NAME
Personal name Deshmukh DJ
245 ## - TITLE STATEMENT
Title Elements of mining technology
260 ## - PUBLICATION, DISTRIBUTION, ETC. (IMPRINT)
Name of publisher Denett
300 ## - PHYSICAL DESCRIPTION
Number of Pages 351
650 ## - SUBJECT ADDED ENTRY--TOPICAL TERM
Topical Term Diploma Engineering
942 ## - ADDED ENTRY ELEMENTS (KOHA)
Koha item type Books
Holdings
Lost status Damaged status Collection code Home library Current library Shelving location Date acquired Cost, normal purchase price Full call number Accession Number Koha item type Source of acquisition
    MINING JRU Library JRU Library SHELF-100-C 01/07/2016 275.00 20312 20312 Books  
    MINING JRU Library JRU Library SHELF-100-C 01/07/2016 275.00 20312 20313 Books PURCHASE